000 00631nam a22002177a 4500
003 UA-OsUOA
001 86932
007 ta
008 20120912b un ||||| |||| 00| 0 ukr d
090 _a94(430)
_bП99
942 _cBK
040 _aUA-OsUOA
_brus
_cUA-OsUOA
_dUA-OsUOA
245 _aV съезд Социалистической единой партии Германии
_cВейнберг Ф.
300 _a725 с.
955 _a1
041 _arus
080 _a94(430)
260 _aМ.
_bГосполитиздат
_c1959
650 7 _a9 Географія. Біографії. Історія
_2UDC
999 _c373125
_d373125